[Event "Oberliga Ost-A 1819"]
[Site "Germany"]
[Date "2018.12.16"]
[Round "5.7"]
[White "Beyer, Till"]
[Black "Kunze, Christopher"]
[Result "1/2-1/2"]
[WhiteElo "2086"]
[BlackElo "2136"]
[PlyCount "42"]
[EventDate "2018.10.21"]
[EventType "team-tourn"]
[EventRounds "11"]
[EventCountry "GER"]
[SourceTitle "EXT 2020"]
[Source "ChessBase"]
[SourceDate "2019.10.17"]
[SourceVersion "1"]
[SourceVersionDate "2019.10.17"]
[SourceQuality "1"]
[WhiteTeam "Leipzig SG II"]
[BlackTeam "Dresden Gruen Weiss"]
[WhiteTeamCountry "GER"]
[BlackTeamCountry "GER"]

1. d4 Nf6 2. c4 g6 3. Nf3 Bg7 4. Nc3 0-0 5. g3 d6 6. Bg2 c6 7. 0-0 Nbd7 8. Bg5 Qc7 9. Qc1 Re8 10. Rd1 e5 11. b4 Nb6 12. c5 dxc5 13. bxc5 Nbd7 14. Bxf6 Nxf6 15. Nxe5 h5 16. a4 Rxe5 17. dxe5 Qxe5 18. Rd8+ Kh7 19. Qd2 Nd7 20. Rc1 Qe7 21. Rxc8 Rxc8 1/2-1/2

[Event "Oberliga Ost-A 1718"]
[Site "Germany"]
[Date "2017.10.22"]
[Round "1.7"]
[White "Kunze, Christopher"]
[Black "Ledfuss, Guntram"]
[Result "1/2-1/2"]
[WhiteElo "2114"]
[BlackElo "2043"]
[PlyCount "30"]
[EventDate "2017.10.22"]
[EventType "team-tourn"]
[EventRounds "11"]
[EventCountry "GER"]
[SourceTitle "EXT 2019"]
[Source "ChessBase"]
[SourceDate "2018.10.10"]
[SourceVersion "1"]
[SourceVersionDate "2018.10.10"]
[SourceQuality "1"]
[WhiteTeam "Dresden Gruen Weiss"]
[BlackTeam "Dresden USV TU II"]
[WhiteTeamCountry "GER"]
[BlackTeamCountry "GER"]

1. e4 e5 2. Nc3 Nf6 3. Bc4 Nxe4 4. Qh5 Nd6 5. Bb3 Nc6 6. Nb5 g6 7. Qf3 f5 8. Qd5 Qe7 9. Nxc7+ Kd8 10. Nxa8 b6 11. Qf3 Bb7 12. Nxb6 axb6 13. d3 Nd4 14. Qh3 f4 15. f3 e4 1/2-1/2

[Event "Oberliga Ost-A 1617"]
[Site "Germany"]
[Date "2017.04.23"]
[Round "9.6"]
[White "Kunze, Christopher"]
[Black "Roseneck, Jonas"]
[Result "1-0"]
[WhiteElo "2085"]
[BlackElo "2011"]
[PlyCount "65"]
[EventDate "2016.10.16"]
[EventType "team-tourn"]
[EventRounds "11"]
[EventCountry "GER"]
[SourceTitle "EXT 2018"]
[Source "ChessBase"]
[SourceDate "2017.10.13"]
[SourceVersion "1"]
[SourceVersionDate "2017.10.13"]
[SourceQuality "1"]
[WhiteTeam "Dresden Gruen Weiss"]
[BlackTeam "Magdeburg Aufbau Elbe"]
[WhiteTeamCountry "GER"]
[BlackTeamCountry "GER"]

1. e4 c5 2. c4 Nc6 3. Nc3 Nf6 4. g3 a6 5. Bg2 Rb8 6. a4 e6 7. Nge2 Nb4 8. d4 d5 9. Bf4 Ra8 10. exd5 exd5 11. cxd5 Nfxd5 12. Nxd5 Nxd5 13. Be5 c4 14. Nc3 Be6 15. 0-0 f6 16. Nxd5 Bxd5 17. Re1 Be7 18. Bc7 Qxc7 19. Bxd5 Rd8 20. Qh5+ g6 21. Qf3 Kf8 22. Re6 Rd6 23. Rae1 Rxe6 24. Rxe6 Kg7 25. Bxb7 Rd8 26. Qe4 Bf8 27. Bxa6 Qa7 28. d5 Bc5 29. Qf4 Bd4 30. d6 Qc5 31. Re7+ Kg8 32. Qh6 Bxf2+ 33. Kf1 1-0

[Event "Oberliga Ost-A 1617"]
[Site "Germany"]
[Date "2017.02.19"]
[Round "7.8"]
[White "Oehl, Tim"]
[Black "Kunze, Christopher"]
[Result "1-0"]
[WhiteElo "2126"]
[BlackElo "2085"]
[PlyCount "179"]
[EventDate "2016.10.16"]
[EventType "team-tourn"]
[EventRounds "11"]
[EventCountry "GER"]
[SourceTitle "EXT 2018"]
[Source "ChessBase"]
[SourceDate "2017.10.13"]
[SourceVersion "1"]
[SourceVersionDate "2017.10.13"]
[SourceQuality "1"]
[WhiteTeam "Dresden USV TU II"]
[BlackTeam "Dresden Gruen Weiss"]
[WhiteTeamCountry "GER"]
[BlackTeamCountry "GER"]

1. Nf3 Nf6 2. c4 g6 3. b3 Bg7 4. Bb2 0-0 5. g3 d6 6. Bg2 e5 7. d3 Nc6 8. 0-0 Re8 9. Nbd2 a5 10. a3 Bf5 11. e4 Bd7 12. Qc2 Qc8 13. Bc3 Bh3 14. b4 Bxg2 15. Kxg2 axb4 16. axb4 Qe6 17. h3 Bh6 18. Nb3 Nd7 19. b5 Ne7 20. Bb4 b6 21. Ng1 Nc5 22. Ne2 f5 23. f3 Rf8 24. Rxa8 Rxa8 25. Nc3 Rf8 26. Bxc5 dxc5 27. Qe2 Qd6 28. Ra1 Rd8 29. Nd5 Nxd5 30. exd5 Re8 31. Re1 Bg7 32. d4 e4 33. dxc5 bxc5 34. Qf2 Bc3 35. Re2 exf3+ 36. Kxf3 Rxe2 37. Kxe2 Bb4 38. Qe3 Kf7 39. Kf3 Kf8 40. Nc1 Qf6 41. Nd3 Qa1 42. Nf2 Qf1 43. Qe2 Qa1 44. Kg2 Qd4 45. Qd3 Qe5 46. Nd1 Kf7 47. Qe3 Qf6 48. Nf2 Kf8 49. Qh6+ Kg8 50. Qf4 Qe7 51. g4 fxg4 52. Qxg4 Bc3 53. Qe4 Qf7 54. Ng4 Kg7 55. Qf3 Qxf3+ 56. Kxf3 Kf7 57. Ke4 Ke7 58. Nf2 Kd6 59. Nd3 Bf6 60. Nf4 Bg5 61. Ne6 Be7 62. Kf4 Kd7 63. Ke5 Kc8 64. Kf4 Kd7 65. Ng5 Bd6+ 66. Kg4 h5+ 67. Kf3 Be7 68. Ne6 g5 69. Ng7 g4+ 70. hxg4 hxg4+ 71. Kxg4 Bf6 72. Ne6 Kd6 73. Kf5 Bc3 74. Ng5 Bd4 75. Ne4+ Ke7 76. Kg6 Be3 77. Ng3 Bf2 78. Nf5+ Kd7 79. Kf7 Bg1 80. Ne7 Bd4 81. Ng8 Kd6 82. Ke8 Bc3 83. Ne7 Bf6 84. Nc8+ Ke5 85. Kd7 Kd4 86. b6 Kxc4 87. b7 Kxd5 88. b8Q c4 89. Qxc7 Be5 90. Nb6+ 1-0

[Event "Oberliga Ost-A 1516"]
[Site "Germany"]
[Date "2015.09.20"]
[Round "1.7"]
[White "Kunze, Christopher"]
[Black "Schiefner, Ray"]
[Result "0-1"]
[WhiteElo "2092"]
[BlackElo "2045"]
[PlyCount "74"]
[EventDate "2015.09.20"]
[EventType "team-tourn"]
[EventRounds "11"]
[EventCountry "GER"]
[SourceTitle "EXT 2017"]
[Source "ChessBase"]
[SourceDate "2016.10.25"]
[SourceVersion "1"]
[SourceVersionDate "2016.10.25"]
[SourceQuality "1"]
[WhiteTeam "Dresden Gruen Weiss"]
[BlackTeam "Bannewitz"]
[WhiteTeamCountry "GER"]
[BlackTeamCountry "GER"]

1. e4 d5 2. exd5 Qxd5 3. Nc3 Qd6 4. d4 Nf6 5. g3 c6 6. Bg2 Bf5 7. Nf3 e6 8. 0-0 Qc7 9. Nh4 Bg6 10. Nxg6 hxg6 11. Ne4 Nxe4 12. Bxe4 Nd7 13. Qe2 Nf6 14. Bg2 Be7 15. Bf4 Bd6 16. Bd2 0-0 17. c4 c5 18. dxc5 Bxc5 19. Bf4 Qe7 20. Rfd1 Rad8 21. Be3 b6 22. a3 Bxe3 23. Qxe3 Rxd1+ 24. Rxd1 Rd8 25. Rxd8+ Qxd8 26. b4 Qd1+ 27. Bf1 Ng4 28. Qd3 Qc1 29. Kg2 Qb2 30. c5 Qxf2+ 31. Kh3 f5 32. Qd8+ Kh7 33. Qh4+ Nh6 34. Qf4 Qg1 35. c6 Ng4 36. Kh4 Qxh2+ 37. Bh3 Nf2 0-1

[Event "Oberliga Ost-A 1415"]
[Site "Germany"]
[Date "2015.03.15"]
[Round "9.7"]
[White "Azimov, Stanislav"]
[Black "Kunze, Christopher"]
[Result "0-1"]
[WhiteElo "2092"]
[BlackElo "2067"]
[PlyCount "96"]
[EventDate "2014.09.21"]
[EventType "team-tourn"]
[EventRounds "11"]
[EventCountry "GER"]
[SourceTitle "EXT 2016"]
[Source "ChessBase"]
[SourceDate "2015.10.08"]
[SourceVersion "1"]
[SourceVersionDate "2015.10.08"]
[SourceQuality "1"]
[WhiteTeam "Chemnitz USG"]
[BlackTeam "Dresden Gruen Weiss"]
[WhiteTeamCountry "GER"]
[BlackTeamCountry "GER"]

1. e4 c5 2. b4 cxb4 3. d4 d6 4. a3 bxa3 5. Bd3 Nc6 6. c3 Nf6 7. h3 g6 8. Nf3 Bg7 9. Nxa3 0-0 10. 0-0 a6 11. Be3 Rb8 12. Qd2 Re8 13. Bh6 Bh8 14. Nc2 e6 15. Ng5 b5 16. f4 Qb6 17. Kh2 e5 18. fxe5 dxe5 19. d5 Na5 20. Rab1 Qc7 21. Ne3 Nb7 22. c4 Nd6 23. Rbc1 bxc4 24. Nxc4 Bb7 25. Na5 Qe7 26. Nc6 Bxc6 27. dxc6 Qc7 28. Bc4 Nxc4 29. Rxc4 Red8 30. Qa2 Rb6 31. Kh1 Rd6 32. Nxf7 Kxf7 33. Rd4+ Ke7 34. Rd5 Rbxc6 35. Rxe5+ Re6 36. Rxe6+ Rxe6 37. Bf4 Qc5 38. e5 Ne4 39. Qb3 Qb5 40. Qa3+ Ke8 41. Rf3 Bxe5 42. Qa2 Kd7 43. Bxe5 Qxe5 44. Qa4+ Qb5 45. Qd4+ Kc6 46. Rf7 Qb1+ 47. Kh2 Qb8+ 48. Kg1 Qb6 0-1

[Event "Oberliga Ost-A 1314"]
[Site "Germany"]
[Date "2014.01.19"]
[Round "7.8"]
[White "Kregelin, Jan"]
[Black "Kunze, Christopher"]
[Result "1/2-1/2"]
[WhiteElo "2094"]
[BlackElo "2056"]
[PlyCount "32"]
[EventDate "2013.10.13"]
[EventType "team-tourn"]
[EventRounds "11"]
[EventCountry "GER"]
[SourceTitle "EXT 2015"]
[Source "ChessBase"]
[SourceDate "2014.11.20"]
[SourceVersion "1"]
[SourceVersionDate "2014.11.20"]
[SourceQuality "1"]
[WhiteTeam "Hoyerswerda"]
[BlackTeam "Dresden Gruen Weiss"]
[WhiteTeamCountry "GER"]
[BlackTeamCountry "GER"]

1. d4 Nf6 2. Bg5 d5 3. e3 Nbd7 4. f3 e6 5. Bd3 Be7 6. Ne2 b6 7. 0-0 Bb7 8. c4 c5 9. Nbc3 0-0 10. cxd5 Nxd5 11. Bxe7 Qxe7 12. Nxd5 exd5 13. Qd2 Rfe8 14. Kf2 Qh4+ 15. Kg1 Qe7 16. Kf2 Qh4+ 1/2-1/2

[Event "Oberliga Ost-A 1213"]
[Site "Germany"]
[Date "2013.04.13"]
[Round "10.7"]
[White "Selle, Thomas"]
[Black "Kunze, Christopher"]
[Result "1/2-1/2"]
[WhiteElo "2093"]
[BlackElo "2047"]
[PlyCount "43"]
[EventDate "2012.10.14"]
[EventType "team-tourn"]
[EventRounds "11"]
[EventCountry "GER"]
[SourceTitle "EXT 2014"]
[Source "ChessBase"]
[SourceDate "2013.11.20"]
[SourceVersion "1"]
[SourceVersionDate "2013.11.20"]
[SourceQuality "1"]
[WhiteTeam "Dessau"]
[BlackTeam "Dresden Gruen Weiss"]
[WhiteTeamCountry "GER"]
[BlackTeamCountry "GER"]

1. d4 d5 2. c4 e6 3. Nf3 Nf6 4. Bg5 Nbd7 5. e3 c6 6. Nc3 Be7 7. Bd3 0-0 8. 0-0 h6 9. Bh4 dxc4 10. Bxc4 c5 11. dxc5 Nxc5 12. Qxd8 Rxd8 13. Rfd1 Bd7 14. b4 g5 15. Bg3 Na6 16. a3 Rac8 17. Rd4 Nc7 18. Rad1 a6 19. Be5 Nce8 20. R1d3 b5 21. Bb3 Bc6 22. Rxd8 1/2-1/2

[Event "Oberliga Ost-A 1213"]
[Site "Germany"]
[Date "2013.03.17"]
[Round "9.7"]
[White "Hansch, Stephan"]
[Black "Kunze, Christopher"]
[Result "1/2-1/2"]
[WhiteElo "1920"]
[BlackElo "2047"]
[PlyCount "86"]
[EventDate "2012.10.14"]
[EventType "team-tourn"]
[EventRounds "11"]
[EventCountry "GER"]
[SourceTitle "EXT 2014"]
[Source "ChessBase"]
[SourceDate "2013.11.20"]
[SourceVersion "1"]
[SourceVersionDate "2013.11.20"]
[SourceQuality "1"]
[WhiteTeam "Magdeburg Aufbau Elbe"]
[BlackTeam "Dresden Gruen Weiss"]
[WhiteTeamCountry "GER"]
[BlackTeamCountry "GER"]

1. d4 d5 2. c4 e6 3. Nf3 Nf6 4. g3 c6 5. Bg2 Bd6 6. 0-0 0-0 7. b3 Nbd7 8. Ba3 Bxa3 9. Nxa3 Qe7 10. Nc2 e5 11. dxe5 Nxe5 12. Nxe5 Qxe5 13. cxd5 Nxd5 14. Bxd5 cxd5 15. Nd4 Bh3 16. Re1 Qe4 17. Nf3 Rac8 18. Qd4 Rc2 19. Qxe4 dxe4 20. Nd4 Rc5 21. e3 Rfc8 22. Rad1 a6 23. Rd2 Rc1 24. Rdd1 Rxd1 25. Rxd1 f6 26. f3 exf3 27. Kf2 Kf7 28. Kxf3 h5 29. Rd2 Rc1 30. Ke4 Rc5 31. Kf3 Bg4+ 32. Kf2 g5 33. Kg2 Rc3 34. Kf2 Ke7 35. b4 Rc4 36. b5 a5 37. Nb3 Rb4 38. Nd4 Bd7 39. Rc2 Kd6 40. a3 Rb1 41. a4 Rb4 42. Rd2 Ke7 43. Rc2 Kd6 1/2-1/2

[Event "Oberliga Ost-A 1112"]
[Site "Germany"]
[Date "2012.01.15"]
[Round "7.8"]
[White "Kunze, Christopher"]
[Black "Heyme, Sibylle"]
[Result "1-0"]
[WhiteElo "2022"]
[BlackElo "2110"]
[PlyCount "89"]
[EventDate "2011.09.25"]
[EventType "team-tourn"]
[EventRounds "11"]
[EventCountry "GER"]
[SourceTitle "EXT 2013"]
[Source "ChessBase"]
[SourceDate "2012.11.22"]
[SourceVersion "1"]
[SourceVersionDate "2012.11.22"]
[SourceQuality "1"]
[WhiteTeam "Dresden Gruen Weiss"]
[BlackTeam "Hoyerswerda"]
[WhiteTeamCountry "GER"]
[BlackTeamCountry "GER"]

1. e4 d6 2. Nc3 Nf6 3. f4 c5 4. Nf3 Nc6 5. d3 g6 6. h3 Nh5 7. Ne2 e5 8. g4 Nxf4 9. Nxf4 exf4 10. Bxf4 Bg7 11. c3 Qe7 12. Qe2 0-0 13. Bg2 b5 14. 0-0 Bb7 15. Qd2 Ne5 16. Rae1 Rad8 17. Bg5 f6 18. Bh4 Qd7 19. b3 c4 20. d4 Nd3 21. Re2 Rde8 22. Ne1 Nxe1 23. Rexe1 cxb3 24. axb3 Qc7 25. Bg3 Qb6 26. Bf4 Rc8 27. Kh2 a5 28. Rc1 Rfe8 29. Rfe1 b4 30. c4 Ra8 31. c5 dxc5 32. Rxc5 Rad8 33. Qf2 Rd7 34. Re2 Qd8 35. d5 Bf8 36. Rc1 Ba6 37. Rd2 g5 38. Bg3 Bd6 39. Bxd6 Rxd6 40. Rdc2 Qb8 41. Kg1 Bb5 42. Rc7 Red8 43. e5 R6d7 44. Rxd7 Rxd7 45. Qxf6 1-0

[Event "Oberliga Ost-A 1112"]
[Site "Germany"]
[Date "2012.01.14"]
[Round "6.8"]
[White "Liebscher, Sebastian"]
[Black "Kunze, Christopher"]
[Result "0-1"]
[WhiteElo "2086"]
[BlackElo "2022"]
[PlyCount "64"]
[EventDate "2011.09.25"]
[EventType "team-tourn"]
[EventRounds "11"]
[EventCountry "GER"]
[SourceTitle "EXT 2013"]
[Source "ChessBase"]
[SourceDate "2012.11.22"]
[SourceVersion "1"]
[SourceVersionDate "2012.11.22"]
[SourceQuality "1"]
[WhiteTeam "Coswig"]
[BlackTeam "Dresden Gruen Weiss"]
[WhiteTeamCountry "GER"]
[BlackTeamCountry "GER"]

1. e4 c5 2. Nf3 Nc6 3. d4 cxd4 4. Nxd4 Nf6 5. Nc3 e5 6. Ndb5 d6 7. Bg5 a6 8. Na3 b5 9. Nd5 Be7 10. Bxf6 Bxf6 11. c3 Bg5 12. Nc2 Rb8 13. b4 0-0 14. a4 Ne7 15. Nce3 Bxe3 16. Nxe3 Qc7 17. Qd2 Bb7 18. axb5 axb5 19. Bxb5 Bxe4 20. c4 d5 21. 0-0 dxc4 22. Bxc4 Rfd8 23. Qb2 Nc6 24. b5 Nd4 25. Ra4 Qb6 26. Rb4 h5 27. Qa2 Rd7 28. Ra1 Qg6 29. Bd5 Rxd5 30. b6 Rd7 31. Qc4 Rdb7 32. Ra7 Rxb6 0-1

[Event "GER-chT Universities"]
[Site "Augsburg"]
[Date "2010.10.07"]
[Round "2.4"]
[White "Kunze, Christopher"]
[Black "Sedelmayr, Werner"]
[Result "1-0"]
[WhiteElo "2003"]
[BlackElo "1660"]
[PlyCount "59"]
[EventDate "2010.10.06"]
[EventType "team-swiss"]
[EventRounds "6"]
[EventCountry "GER"]
[SourceTitle "EXT 2016"]
[Source "ChessBase"]
[SourceDate "2015.10.08"]
[SourceVersion "1"]
[SourceVersionDate "2015.10.08"]
[SourceQuality "1"]
[WhiteTeam "Dresden TU II"]
[BlackTeam "Augsburg Uni III"]
[WhiteTeamCountry "GER"]
[BlackTeamCountry "GER"]

1. e4 d5 2. exd5 Nf6 3. Bb5+ Bd7 4. Be2 Nxd5 5. d4 Nc6 6. c4 Nb6 7. Be3 g6 8. d5 Ne5 9. Bd4 f6 10. Nd2 Bh6 11. Ngf3 Nxf3+ 12. Nxf3 0-0 13. 0-0 e5 14. dxe6 Bxe6 15. Qc2 Qd7 16. Rad1 Qf7 17. b3 Rad8 18. a4 Nd7 19. Bc3 Bg7 20. Nd4 Ne5 21. Rfe1 Bc8 22. c5 Qe7 23. f4 Qxc5 24. fxe5 fxe5 25. b4 Qe7 26. Nf3 Bf5 27. Qb2 Rfe8 28. Rxd8 Qxd8 29. Bc4+ Kh8 30. Nxe5 1-0

[Event "GER-chT U20"]
[Site "Chemnitz"]
[Date "2009.12.29"]
[Round "6.3"]
[White "Kinzel, Tiffany"]
[Black "Kunze, Christopher"]
[Result "0-1"]
[WhiteElo "1566"]
[BlackElo "1948"]
[PlyCount "92"]
[EventDate "2009.12.27"]
[EventType "team-swiss"]
[EventRounds "7"]
[EventCountry "GER"]
[SourceTitle "EXT 2022"]
[Source "ChessBase"]
[SourceDate "2021.10.06"]
[SourceVersion "1"]
[SourceVersionDate "2021.10.06"]
[SourceQuality "1"]
[WhiteTeam "Stadtilm Blau Weiss U20"]
[BlackTeam "Dresden Gruen Weiss U20"]
[WhiteTeamCountry "GER"]
[BlackTeamCountry "GER"]

1. Nc3 e6 2. d4 c5 3. d5 d6 4. e4 exd5 5. exd5 g6 6. Bd3 Bg7 7. Nge2 Nf6 8. 0-0 0-0 9. Bg5 Na6 10. Qd2 Nb4 11. Be4 Qe8 12. Bf3 Bf5 13. Rac1 Qd7 14. a3 Na6 15. h3 h5 16. Ng3 Rfe8 17. Rfe1 Nc7 18. b3 b5 19. Nce4 Nxe4 20. Bxe4 Bxe4 21. Nxe4 Rxe4 22. Rxe4 Qf5 23. Re3 Bd4 24. Rf3 Qxd5 25. Rd1 Qc6 26. Be7 Be5 27. Qh6 Nd5 28. Qg5 Re8 29. Bxd6 Bxd6 30. Rfd3 Re5 31. Qd2 Nf4 32. Rf3 Ne2+ 33. Kf1 Nd4 34. Rf6 Rf5 35. Rxd6 Qxd6 36. c3 Rd5 37. cxd4 Rxd4 38. Qe3 Rxd1+ 39. Ke2 Rd5 40. Qe8+ Kg7 41. Qxb5 Qe5+ 42. Kf3 Qc3+ 43. Ke4 Qd4+ 44. Kf3 Rf5+ 45. Ke2 Rxf2+ 46. Ke1 Qd2# 0-1

[Event "GER-chT U20"]
[Site "Chemnitz"]
[Date "2009.12.27"]
[Round "2.3"]
[White "Bracker, Arne"]
[Black "Kunze, Christopher"]
[Result "1-0"]
[WhiteElo "2219"]
[BlackElo "1948"]
[PlyCount "103"]
[EventDate "2009.12.27"]
[EventType "team-swiss"]
[EventRounds "7"]
[EventCountry "GER"]
[SourceTitle "EXT 2022"]
[Source "ChessBase"]
[SourceDate "2021.10.06"]
[SourceVersion "1"]
[SourceVersionDate "2021.10.06"]
[SourceQuality "1"]
[WhiteTeam "Hamburger SK U20"]
[BlackTeam "Dresden Gruen Weiss U20"]
[WhiteTeamCountry "GER"]
[BlackTeamCountry "GER"]

1. d4 Nf6 2. Nf3 e6 3. e3 b6 4. Bd3 Bb7 5. 0-0 Be7 6. c4 0-0 7. Nc3 d5 8. b3 Ne4 9. Ne2 Nd7 10. Bb2 c5 11. cxd5 exd5 12. Rc1 Bf6 13. Ng3 Qe7 14. Nh5 Rac8 15. Nxf6+ Nexf6 16. Bf5 Rc7 17. Re1 Rfc8 18. Ne5 cxd4 19. Rxc7 Rxc7 20. exd4 Qd8 21. Ba3 Nf8 22. f3 Bc8 23. Bd3 Ng6 24. Nxg6 hxg6 25. Qe2 Be6 26. Bxg6 Qc8 27. Bd3 Bf5 28. Bxf5 Qxf5 29. Qe5 Qxe5 30. dxe5 Ne8 31. Re2 Rd7 32. e6 fxe6 33. Rxe6 Kf7 34. Re2 Nc7 35. Kf2 Ne6 36. g3 Rd8 37. Rd2 Kf6 38. Bb2+ Kf7 39. h4 g6 40. Be5 Nc5 41. g4 Ke6 42. Bd4 Rf8 43. Kg3 Kd6 44. Bb2 Rf7 45. Re2 Rf8 46. h5 gxh5 47. gxh5 Rg8+ 48. Kh4 Rg1 49. Be5+ Kd7 50. h6 Ne6 51. Rh2 Rg6 52. h7 1-0

[Event "GER-ch U25 op"]
[Site "Willingen"]
[Date "2008.05.13"]
[Round "4"]
[White "Ohnesorg, Felix"]
[Black "Kunze, Christopher"]
[Result "0-1"]
[WhiteElo "1711"]
[BlackElo "1942"]
[PlyCount "50"]
[EventDate "2008.05.11"]
[EventType "swiss"]
[EventRounds "9"]
[EventCountry "GER"]
[SourceTitle "CBM 124 Extra"]
[Source "ChessBase"]
[SourceDate "2008.07.03"]
[SourceVersion "1"]
[SourceVersionDate "2008.07.03"]
[SourceQuality "1"]

1. d4 d5 2. c4 e6 3. Nc3 Nf6 4. Nf3 c6 5. Bg5 Be7 6. e3 Nbd7 7. Rc1 0-0 8. cxd5 exd5 9. Bd3 h6 10. Bh4 Ne4 11. Bxe7 Qxe7 12. 0-0 f5 13. Re1 Kh8 14. Nd2 Ndf6 15. f3 Nxd2 16. Qxd2 Bd7 17. e4 fxe4 18. fxe4 dxe4 19. Bxe4 Qd6 20. Bf3 Rad8 21. Rcd1 Bg4 22. Re3 Bxf3 23. Rxf3 Ng4 24. Rg3 Rf4 25. d5 Qc5+ 0-1